Sociedad y clero en la España del XIX / (Record no. 50853)

MARC details
000 -LEADER
campo de control de longitud fija 00788nam a2200229 i 4500
001 - NÚMERO DE CONTROL
campo de control 50853
003 - IDENTIFICADOR DE NÚMERO DE CONTROL
campo de control ES-MaACL
005 - FECHA Y HORA DE LA ÚLTIMA TRANSACCIÓN
campo de control 20250721063434.0
007 - CAMPO FIJO DE DESCRIPCIÓN FÍSICA--INFORMACIÓN GENERAL
campo de control de longitud fija t|
008 - DATOS DE LONGITUD FIJA--INFORMACIÓN GENERAL
campo de control de longitud fija 030807s1980 sp ||||1| spa d
020 ## - NÚMERO INTERNACIONAL ESTÁNDAR DEL LIBRO
Número Internacional Estándar del Libro 84-7231-565-7
100 1# - ENTRADA PRINCIPAL--NOMBRE DE PERSONA
Nombre de persona Cuenca Toribio, José Manuel,
Fechas asociadas al nombre 1939-
9 (RLIN) 42007
245 10 - MENCIÓN DEL TÍTULO
Título Sociedad y clero en la España del XIX /
Mención de responsabilidad, etc. José Manuel Cuenca Toribio.
250 ## - MENCION DE EDICION
Mención de edición 1ª ed.
260 ## - PUBLICACIÓN, DISTRIBUCIÓN, ETC.
Lugar de publicación, distribución, etc. Córdoba :
Nombre del editor, distribuidor, etc. Monte de Piedad y Caja de Ahorros de Córdoba,
Fecha de publicación, distribución, etc. 1980.
300 ## - DESCRIPCIÓN FÍSICA
Extensión 416 p. :
Otras características físicas gráf. ;
Dimensiones 24 cm.
651 #4 - PUNTO DE ACCESO ADICIONAL DE MATERIA--NOMBRE GEOGRÁFICO
Nombre geográfico España-
Subdivisión general Situación social-
Subdivisión cronológica S.XIX
9 (RLIN) 8512
651 #4 - PUNTO DE ACCESO ADICIONAL DE MATERIA--NOMBRE GEOGRÁFICO
Nombre geográfico España-
Subdivisión general Historia eclesiástica-
Subdivisión cronológica S.XIX.
9 (RLIN) 158820
710 2# - ENTRADA AGREGADA--NOMBRE DE ENTIDAD CORPORATIVA
Nombre de entidad corporativa o nombre de jurisdicción como elemento de entrada Monte de Piedad y Caja de Ahorros de Córdoba.
9 (RLIN) 5763
852 ## - LOCALIZACIÓN
Ubicación ES-MaACL
Número de control de estantería L-116
Holdings
Estatus retirado Estado de pérdida Estado de daño No para préstamo Biblioteca de origen Biblioteca actual Ubicación en estantería Fecha de adquisición Fuente de adquisición Total de préstamos Signatura topográfica completa Código de barras Visto por última vez Precio de reemplazo Tipo de ítem Koha
        Biblioteca del Ateneo de Madrid Biblioteca del Ateneo de Madrid Depósito 2 17/01/2008     L-116 1053483 23/02/2023 23/02/2023 Libro impreso